[Event "VIE-ch U09 Girls"]
[Site "Ho Chi Minh City"]
[Date "2014.07.15"]
[Round "5"]
[White "Luong, Ngoc Khanh Linh"]
[Black "Tran, Le Anh Thu"]
[Result "0-1"]
[WhiteElo "1580"]
[BlackElo "1554"]
[PlyCount "39"]
[EventDate "2014.07.13"]
[EventType "swiss"]
[EventRounds "9"]
[EventCountry "VIE"]
[SourceTitle "EXT 2016"]
[Source "ChessBase"]
[SourceDate "2015.10.08"]
[SourceVersion "1"]
[SourceVersionDate "2015.10.08"]
[SourceQuality "1"]

1. e4 e5 2. Nf3 Nc6 3. Bb5 a6 4. Bxc6 dxc6 5. Nxe5 Nf6 6. Nc3 Bc5 7. Nxf7 Kxf7 8. 0-0 Rf8 9. e5 Ng4 10. Ne4 Ba7 11. d3 Nxe5 12. Ng5+ Kg8 13. Nf3 Bg4 14. Qe1 Bxf3 15. Qxe5 Re8 16. Qa5 Bb6 17. Qb4 Be2 18. Re1 Bf3 19. Qb3+ Kh8 20. Be3 0-1